[Event "BL 2016-17"]
[Site "Germany"]
[Date "2017.02.19"]
[Round "8"]
[White "Harikrishna, P."]
[Black "Matlakov, Maxim"]
[Result "1/2-1/2"]
[WhiteElo "2758"]
[BlackElo "2701"]
[Annotator "TA"]
[PlyCount "103"]
[EventDate "2017.??.??"]
[EventType "team-tourn"]
[EventCountry "GER"]
[SourceTitle "playchess.com"]
[Source "ChessBase"]
[SourceQuality "1"]
[WhiteTeam "Solingen"]
[BlackTeam "Schwäbisch Hall"]

{[%evp 28,103,10,0,0,0,27,-7,0,-9,-8,0,0,0,1,0,10,5,1,7,12,0,0,-20,0,-10,0,0,-11,-22,-19,-25,0,-10,0,0,0,0,0,0,4,0,0,0,0,0,0,0,14,0,0,0,0,0,0,0,0,0,0,0,0,0,0,0,0,0,0,0,0,0,0,0,0,0,0,0,0,0]} 1. e4 e5 2. Nf3 Nc6 3. Bc4 Bc5 4. O-O Nf6 5. d3 O-O 6. h3 d6 7. c3 a6 8. Re1 h6 9. Bb3 Re8 10. Nbd2 {[%cal Bb1d2,Bd2f1,Bf1g3][%mdl 32]} Ba7 11. Nf1 Be6 12. Ng3 Bxb3 13. Qxb3 Qd7 14. Be3 Bxe3 15. Rxe3 {LiveBook: 4 Games} d5 16. Rae1 dxe4 17. dxe4 {White has an edge.} Na5 18. Qc2 Rad8 19. b3 Nc6 20. R3e2 Qe6 21. Rd1 Rxd1+ 22. Qxd1 Rd8 23. Rd2 Rd7 24. Kf1 g6 25. Ke2 Kg7 26. Rxd7 Nxd7 27. Nf1 Nf6 28. Ng3 a5 29. Qd3 a4 30. Nd2 {The position is equal.} axb3 31. axb3 Nb8 32. Qc4 Qxc4+ 33. Nxc4 $11 {[%mdl 4096] Endgame KNN-KNN} Nfd7 34. Nf1 Kf6 35. Nfe3 {Black must now prevent Nd5+.} Ke6 36. b4 b5 37. Na5 c5 38. Nd5 cxb4 39. cxb4 Nf6 40. Nc7+ Kd7 $1 {[%cal Rd7c7]} 41. Nxb5 Na6 42. Nc4 Ke6 ({Much worse is} 42... Nxb4 $6 43. Nxe5+ Ke6 44. Nd3 Nxd3 45. Kxd3 $16) 43. Nbd6 {With the idea b5.} Nxb4 44. g3 Nc6 45. Ke3 Nd7 46. f4 exf4+ 47. gxf4 f5 48. Nb5 fxe4 49. Nc7+ Ke7 50. Nd5+ Ke6 51. Nc7+ Ke7 52. Nd5+ 1/2-1/2

[Event "BL 2016-17"]
[Site "Germany"]
[Date "2017.02.19"]
[Round "8"]
[White "Inarkiev, Ernesto"]
[Black "Giri, Anish"]
[Result "1/2-1/2"]
[WhiteElo "2723"]
[BlackElo "2769"]
[Annotator "TA"]
[PlyCount "68"]
[EventDate "2017.??.??"]
[EventType "team-tourn"]
[EventCountry "GER"]
[SourceTitle "playchess.com"]
[Source "ChessBase"]
[SourceQuality "1"]
[WhiteTeam "Schwäbisch Hall"]
[BlackTeam "Solingen"]

{[%evp 17,68,26,15,18,18,16,29,7,15,0,10,0,0,-12,2,0,0,0,44,45,25,42,40,32,15,14,37,12,20,23,28,70,14,-14,-14,-14,37,54,37,28,82,90,92,83,81,79,102,104,100,97,95,118,167]} 1. d4 Nf6 2. Nf3 d5 3. c4 e6 4. g3 Bb4+ 5. Bd2 Bd6 6. Nc3 O-O 7. Bg5 c6 8. Bg2 h6 9. Bxf6 Qxf6 {LiveBook: 6 Games} 10. e4 dxe4 11. Nxe4 Bb4+ {The position is equal.} 12. Ke2 Qe7 13. Qb3 f5 14. Nc3 c5 15. Rhd1 Nc6 16. a3 Ba5 17. dxc5 e5 18. Nd5 $1 {[%cal Rd5e7]} Qf7 19. Kf1 f4 {And now ...fxg3 would win.} 20. gxf4 Bg4 21. h3 Bh5 22. Qc2 Rae8 $1 (22... exf4 $6 23. b4 Bc7 24. Nxc7 Qxc7 25. Rd5 Bxf3 26. Bxf3 $16) 23. b4 e4 24. Nd4 Bc7 $1 {[%cal Rc7f4]} 25. Bxe4 Bxf4 {Hoping for ...Be5.} ({But not} 25... Bxd1 $6 26. Rxd1 Qh5 27. Ne2 $16 (27. Nxc7 $2 Rxe4 28. Qxe4 Qxd1+ 29. Kg2 Nxd4 30. Qd5+ Kh7 $19)) 26. Nf5 $1 Rxe4 (26... Bxd1 $11 27. Rxd1 Rxe4 28. Qxe4 Qxf5 29. Qxf5 Rxf5) 27. Qxe4 $14 {Threatens to win with b5.} Bg5 28. b5 Bg6 (28... Na5 $11 {keeps the balance.}) 29. Nde3 $1 $16 {White is better.} ({Not} 29. bxc6 $2 Bxf5 30. Qe2 bxc6 $19) 29... Bxe3 30. Qxe3 Bxf5 (30... Qxc4+ $2 31. Kg1 Qxb5 32. Nd6 $16) 31. bxc6 Bxh3+ ({Don't go for} 31... Qxc4+ $2 32. Kg1 bxc6 33. Rd6 $18) 32. Kg1 Bg4 {[#] ...Bf3 is the strong threat.} 33. Rd3 $1 {aiming for cxb7.} bxc6 {[#]} 34. Re1 $1 Kh7 1/2-1/2

[Event "BL 2016-17"]
[Site "Germany"]
[Date "2017.02.19"]
[Round "8"]
[White "Laznicka, Viktor"]
[Black "Ragger, Markus"]
[Result "1/2-1/2"]
[WhiteElo "2666"]
[BlackElo "2703"]
[Annotator "TA"]
[PlyCount "251"]
[EventDate "2017.??.??"]
[EventType "team-tourn"]
[EventCountry "GER"]
[SourceTitle "playchess.com"]
[Source "ChessBase"]
[SourceQuality "1"]
[WhiteTeam "Schwäbisch Hall"]
[BlackTeam "Solingen"]

{[%evp 21,251,0,0,-11,0,-16,-4,-18,-13,-22,-13,-13,0,0,0,-28,-27,-26,-18,0,0,0,0,-26,0,0,0,0,15,12,49,0,0,0,0,0,13,0,2,0,-5,-23,-15,-19,-22,-77,-82,-97,-57,-80,-44,-64,-41,-92,-87,-91,-58,-105,-105,-137,-137,-156,-125,-118,-120,-126,-120,-120,-108,-150,-150,-150,-150,-150,-150,-150,-150,-150,-106,-106,-106,-106,-79,-79,-79,-79,-79,-79,-79,-79,-68,-68,-8,-64,-64,-64,0,-79,0,-68,-68,-68,-64,-64,-64,-64,-64,-26,0,-64,0,-27,-27,-68,-68,-41,-41,-68,-68,-76,-76,-76,-76,-84,274,-84,-84,-83,-64,-76,-68,-76,-56,-51,-53,-55,-66,-75,-68,-76,-76,-76,-64,-83,-76,-87,-83,-87,-83,-83,-81,-81,-81,-81,-81,-81,-81,-83,-83,-83,-68,-89,-89,-171,-83,-83,-83,-83,-83,-83,-76,-76,-76,-88,-88,-82,-76,-76,-80,-90,-90,-90,-90,-90,-90,-90,-83,-90,-90,-90,-90,-90,-90,-90,-90,-90,-90,-90,-90,-90,-90,-90,-90,-90,-90,-90,-90,-90,-85,-90,-90,-90,-8,-8,-8,-8,-8,-8,0,-8,-8,-8,-8,-8,-8,-8,-8,-8,0,0,0,0]} 1. d4 Nf6 2. Nf3 g6 3. Bf4 Bg7 4. e3 O-O 5. Be2 d6 6. c4 c5 7. Nc3 cxd4 8. exd4 d5 9. O-O Nc6 10. h3 dxc4 11. Bxc4 Na5 {LiveBook: 3 Games} 12. Bd3 Be6 13. Re1 Nc6 14. Bf1 Nd5 15. Bg5 Nb6 16. Be3 Bc4 17. Bxc4 Nxc4 18. Qe2 Nxe3 19. fxe3 Rc8 20. Rad1 a6 21. Qf2 Qa5 22. e4 b5 23. a3 b4 24. axb4 Qxb4 25. e5 Na5 {[%cal Bc6a5,Ba5c4,Bc4b2][%mdl 32]} 26. Nd5 (26. Ra1 $14 {was preferrable.} Nc4 27. Rxa6) 26... Qb7 $11 27. Nf4 {[%cal Bd5f4,Bf4d3,Bd3c5][%mdl 32]} Nc4 28. Nd3 Qb3 29. Nc5 Qxb2 30. Qxb2 Nxb2 31. Rb1 Nc4 32. Nxa6 Bh6 33. Nb4 (33. Kf2 $11) 33... Rfd8 $17 34. Red1 e6 $36 {[%mdl 2048] White is under pressure.} 35. Kh1 Na3 36. Rb2 Nb5 37. Rc2 (37. Rd3 $15) 37... Rxc2 38. Nxc2 Rc8 39. Nce1 (39. Nfe1 $15) 39... Be3 40. g4 Rc4 {[%cal Rb5d4]} 41. Kg2 Bxd4 42. Rb1 Nc3 43. Rc1 Bb6 44. Nd2 Rf4 45. Rxc3 {aiming for Nc4.} Rf2+ 46. Kg3 {Black must now prevent Nef3.} Rxd2 {[%mdl 4096] Endgame KRB-KRN} 47. Nf3 Ra2 48. Rc4 Bf2+ 49. Kf4 Ra1 50. g5 Kg7 51. Kg4 h6 52. gxh6+ Kxh6 53. Rf4 Kg7 54. h4 Rh1 55. Rc4 Bb6 56. Rb4 Bc5 (56... Bd8 $15) 57. Rc4 (57. Rb7 $11) 57... Be3 $15 58. Re4 Bf2 59. Rc4 $1 Bb6 60. Rb4 $1 Ba5 61. Ra4 Bc3 62. Rc4 Ba1 63. Rc7 Rf1 64. Kg3 Rd1 65. Kg4 ({White should try} 65. Kg2 $11) 65... Rf1 66. Kg3 Rb1 67. Kg2 Rb2+ $1 68. Kh3 Rf2 69. Kg4 Bb2 70. Rb7 Bc1 71. Rc7 Be3 72. Rc3 Rg2+ 73. Kh3 Re2 74. Rc4 Ba7 75. Rb4 Bc5 76. Rc4 Ba3 77. Rc7 Kf8 78. Rc8+ Ke7 $1 79. Rc7+ Ke8 80. Rc8+ Kd7 81. Rc4 Bb2 82. Rc5 Re4 83. Rb5 {[#]} Bc1 $1 84. Rb7+ Ke8 85. Rb8+ Ke7 86. Rb7+ Kf8 87. Rc7 {And now Rc8+ would win.} Bf4 88. Rc5 Kg7 89. Rb5 Be3 90. Kg3 Rc4 91. Ra5 Kh6 92. Ra8 {[#]} (92. Kh3 $17) 92... Re4 (92... Bf4+ $1 $19 {is more deadly.} 93. Kh3 Rc5) 93. Kh3 $17 Rf4 94. Kg3 Rb4 95. Kh3 Re4 96. Rh8+ Kg7 97. Ra8 Bf4 98. Ra5 {[#]} g5 $1 {[%mdl 512]} 99. hxg5 (99. Nxg5 Rxe5) 99... Kg6 100. Ra8 Bxe5 101. Rg8+ Kh7 102. Ra8 Bf4 103. Kg4 Be3+ 104. Kg3 Bc5 105. Rd8 Kg7 106. Kh3 Bf2 107. Rc8 Rb4 108. Ra8 Rf4 109. Kg2 Be3 110. Kg3 Rc4 111. Kh3 Bf2 112. Kg2 Bb6 113. Kh3 Rf4 114. Kg3 Bc7 115. Rc8 Rc4+ 116. Kh3 e5 (116... Rc2 $17 {White should prevent ...Rc4.} 117. Kg4 Rc4+ 118. Kh5 Rc3) 117. Nd2 $11 {The position is equal.} Rd4 118. Rxc7 {Hoping for Nf3.} Rxd2 {KR-KR} 119. Rc5 f6 120. gxf6+ Kxf6 121. Kg3 Kf5 122. Kf3 Rd3+ 123. Ke2 Ra3 124. Rc4 e4 {Black wants to play ...Kf4.} 125. Rc8 Kf4 {Threatening ...Ra2+.} 126. Rf8+ 1/2-1/2

[Event "BL 2016-17"]
[Site "Germany"]
[Date "2017.02.19"]
[Round "8"]
[White "Moiseenko, Alexander"]
[Black "Jakubowski, Krzysztof"]
[Result "1/2-1/2"]
[WhiteElo "2661"]
[BlackElo "2534"]
[Annotator "TA"]
[PlyCount "95"]
[EventDate "2017.??.??"]
[EventType "team-tourn"]
[EventCountry "GER"]
[SourceTitle "playchess.com"]
[Source "ChessBase"]
[SourceQuality "1"]
[WhiteTeam "Hockenheim"]
[BlackTeam "SF Berlin"]

{[%evp 23,95,24,39,23,40,7,41,47,44,46,49,30,46,24,22,7,31,18,35,37,108,18,75,0,41,-118,-114,-109,-133,-120,-114,-170,-148,-141,-153,-239,-195,-371,-341,-415,-416,-415,-360,-381,-37,-44,98,0,0,-933,0,0,0,-833,0,0,0,0,0,0,0,0,0,0,0,0,0,0,185,0,0,0,130,0]} 1. d4 d5 2. c4 e6 3. Nc3 Nf6 4. cxd5 exd5 5. Bg5 c6 6. e3 Nbd7 7. Bd3 Be7 8. Nf3 O-O 9. Qc2 Re8 10. h3 Nf8 11. O-O Be6 12. Rae1 Rc8 {LiveBook: 5 Games} 13. a3 a6 14. Na4 Rc7 {The position is equal.} 15. Nc5 Bc8 16. b4 g6 17. Bh6 Bd6 18. Ne5 Nh5 19. Qc3 f6 20. Nf3 Rce7 21. a4 g5 (21... Rc7 $14) 22. Rb1 (22. g4 $16) 22... g4 (22... Bxh3 $1 $11 23. Bxf8 Kxf8) 23. hxg4 $16 Bxg4 24. Nh2 $2 (24. Nh4 $14 {keeps the upper hand.}) 24... Bxh2+ $1 $17 25. Kxh2 Qd6+ 26. Kg1 f5 $1 27. Bxf8 (27. Bf4 $17 {might work better.} Nxf4 28. exf4) 27... Rxf8 $19 28. f3 Bh3 $1 {Strongly threatening ...Bxg2!} 29. Rf2 (29. gxh3 Qg3+ 30. Kh1 Qxh3+ 31. Kg1 Qg3+ 32. Kh1 Qh4+ 33. Kg2 Rg7#) (29. Rb2 $17 b6 30. gxh3 (30. Nxa6 $2 Rxe3 31. Qd2 Rfe8 32. gxh3 Nf4 $19) 30... Rg7+ 31. Kf2) 29... Rg7 $1 (29... Rxe3 30. Qd2 (30. gxh3 Kh8 31. Qd2 Rg8+ 32. Rg2 Rxg2+ 33. Qxg2 Nf4 $17) (30. Nxb7 Qg3 31. Qd2 Re7 32. Bxa6 Nf4 $15) 30... Qh6 31. Re1 (31. gxh3 Kh8 $14) 31... Rxe1+ 32. Qxe1 $16) 30. Bf1 $2 (30. f4 {keeps fighting.}) 30... Ng3 31. b5 axb5 (31... Nxf1 32. Rbxf1 (32. Kxf1 Qh2 33. Ke2 Bxg2 $17) 32... Qg3 33. Qd2 $11) 32. axb5 Qh6 33. Rfb2 Bg4 $2 ({Better is} 33... f4 $19 34. exf4 Qxf4 35. bxc6 bxc6) 34. bxc6 $1 $15 Qh1+ 35. Kf2 Qh4 36. Kg1 $2 {[%mdl 8192]} (36. Qb4 $11 f4 37. cxb7 Bxf3 38. gxf3 fxe3+ 39. Ke1 (39. Kxe3 Qh6+ 40. f4 Qxf4+ 41. Kd3 Nxf1 $11)) 36... Qh1+ $2 (36... b6 $19 {White must now prevent ...Bxf3.} 37. Be2 bxc5) 37. Kf2 $11 Qh4 38. Kg1 $2 {[%mdl 8192]} (38. Qb4 $11 f4 39. cxb7 Bxf3 40. gxf3 fxe3+ 41. Ke1 (41. Kxe3 Qh6+ 42. f4 Qxf4+ 43. Kd3 Nxf1 $11)) 38... Bxf3 $2 (38... b6 $19 39. Rxb6 Bxf3) 39. cxb7 Qh1+ (39... Rb8 $5 40. Qa3 $8 Qh1+ 41. Kf2 Nxf1 42. Rxf1 Qxg2+ 43. Ke1 Qg3+ 44. Kd2 Qg2+ 45. Ke1 Qg3+ 46. Kd2 Qg2+ 47. Ke1 $11) 40. Kf2 Ne4+ (40... Ne2 $5 41. b8=Q $8 Nxc3 42. Qxf8+ Kxf8 43. Rb8+ Kf7 44. R8b7+ Kg8 45. Rb8+ Kf7 46. R8b7+ Kg8 47. Rb8+ Kf7 $11) 41. Nxe4 Rxg2+ (41... fxe4 42. Qc5 Rgf7 {[#]} 43. Qxf8+ $1 {[%mdl 512]} Rxf8 44. b8=Q Bh5+ 45. Kg3 $18) 42. Bxg2 Qxg2+ 43. Ke1 Qg1+ 44. Kd2 Qg2+ $1 45. Kc1 Qg1+ $2 {[#]} (45... Qf1+ $11 {and Black stays safe.} 46. Kc2 Bxe4+ 47. Kb3 Bxb1) 46. Kd2 (46. Kc2 $1 $18 Bxe4+ 47. Kd2 Qg2+ 48. Kc1 Qg1+ 49. Kd2 Qg2+ 50. Kc1 Qg1+ 51. Kd2) 46... Qg2+ $16 47. Kc1 Qg1+ {[#]} (47... Qf1+ $5 48. Kc2 $8 Bxe4+ 49. Kb3 Bxb1 $16) 48. Kd2 (48. Kc2 $1 $16 Bxe4+ 49. Kd2 Qg2+ 50. Kc1 Qg1+ 51. Kd2 Qg2+ 52. Kd1 Qf1+ 53. Qe1 Qd3+ 54. Qd2 Qf1+ 55. Qe1 Qd3+ 56. Qd2 Qf1+ 57. Qe1) 1/2-1/2

[Event "BL 2016-17"]
[Site "Germany"]
[Date "2017.02.19"]
[Round "8"]
[White "Howell, David W L"]
[Black "Piorun, Kacper"]
[Result "1/2-1/2"]
[WhiteElo "2657"]
[BlackElo "2651"]
[Annotator "TA"]
[PlyCount "29"]
[EventDate "2017.??.??"]
[EventType "team-tourn"]
[EventCountry "GER"]
[SourceTitle "playchess.com"]
[Source "ChessBase"]
[SourceQuality "1"]
[WhiteTeam "Hockenheim"]
[BlackTeam "SF Berlin"]

{[%evp 27,29,0,29,0]} 1. Nf3 Nf6 2. c4 g6 3. g3 Bg7 4. Bg2 c6 5. d4 d5 6. cxd5 cxd5 7. Nc3 O-O 8. Ne5 e6 9. O-O Nfd7 10. Nf3 Nc6 11. Bf4 Qb6 12. Na4 Qa6 13. Nc3 Qb6 14. Na4 Qa6 {LiveBook: 13 Games} 15. Nc3 1/2-1/2

[Event "BL 2016-17"]
[Site "St. Veit/Glan"]
[Date "2017.03.26"]
[Round "8"]
[White "Volokitin, Andrei"]
[Black "Schwarhofer, Christopher"]
[Result "1-0"]
[WhiteElo "2649"]
[BlackElo "2375"]
[Annotator "TA"]
[PlyCount "143"]
[EventDate "2017.??.??"]
[EventType "team-tourn"]
[EventCountry "AUT"]
[SourceTitle "playchess.com"]
[Source "ChessBase"]
[SourceQuality "1"]
[WhiteTeam "Jenbach"]
[BlackTeam "Nickelsdorf"]

{[%evp 23,143,20,34,12,16,0,15,15,15,15,8,-45,-38,-81,-47,-47,-43,-41,-37,-43,-40,-26,-33,-215,-199,-202,-62,-65,0,0,0,0,43,43,150,141,141,117,113,120,118,106,114,94,95,94,142,95,95,94,105,67,96,42,181,183,295,294,281,273,246,184,184,184,184,166,139,138,276,243,237,237,232,214,142,8,1410,1360,1043,1036,1517,1460,5777,5562,5418,5968,4193,4841,4534,4642,4211,4182,4168,4160,4160,4160,4145,4145,4145,4145,4145,4145,4141,4141,29981,29982,29985,4153,29985,29986,29986,29987,29989,29990,29990,29991,29993,29994,29995,29996,29996,29990]} 1. e4 e6 2. d4 d5 3. Nc3 Bb4 4. e5 c5 5. a3 Bxc3+ 6. bxc3 Qc7 7. Qg4 Ne7 8. Qxg7 Rg8 9. Qxh7 cxd4 10. Ne2 Nbc6 11. f4 dxc3 {C18: French: 3 Nc3 Bb4: Main line: 7 h4 and 7 Qg4} 12. Nxc3 (12. h4 Bd7 13. h5 O-O-O 14. Qd3 d4 15. h6 Be8 16. Rb1 Nd5 17. Nxd4 Nxf4 18. Bxf4 Rxd4 19. Qe3 {1-0 (38) Sutovsky,E (2628)-Kovalenko,I (2684) Caleta 2017}) 12... a6 {LiveBook: 5 Games. next ...Nxe5 is good for Black.} 13. Bb2 Bd7 {The position is equal.} 14. O-O-O O-O-O 15. Qh4 Nf5 16. Qf2 Na5 $1 17. Qa7 $146 (17. g4 $11 d4 18. Nd5 (18. gxf5 dxc3 19. Ba1 Bc6 20. Rxd8+ Qxd8 21. fxe6 fxe6 $17) 18... exd5 19. gxf5) (17. g4 d4 18. Nd5 exd5 19. gxf5 Bxf5 {½-½ (34) Santos,M (1498)-Kroes,F (1914) LSS email 2011}) 17... Bc6 $15 18. Qa8+ Qb8 (18... Kd7 $5 {is more complex.} 19. Qa7 d4 20. Rxd4+ Nxd4 21. Qxd4+ Kc8) 19. Qxb8+ Kxb8 20. Rd2 d4 21. Nd1 Rc8 {Hoping for ...Nb3+!} 22. Kb1 Be4 23. Nf2 $2 (23. Bd3 $1 $15 Nc4 24. Rf2 Bxg2 25. Rg1 Nxb2 26. Kxb2) 23... Bxg2 $19 24. Bxg2 {Strongly threatening Be4.} Rxg2 (24... Nc4 $19 25. Re2 Rxg2) 25. Ne4 $15 Rcg8 (25... Rg4 $1 $15 26. Rf2 Nc4) 26. Rxg2 $11 Rxg2 27. h4 Rg4 28. h5 $36 {[%mdl 2048] White has the initiative.} Rxf4 (28... Nc4 $1 $14) 29. Nd6 $16 {aiming for Nxf5.} Ng3 30. Rh3 {And now h6 would win.} Nxh5 31. Rxh5 {Threatens to win with Rh7.} Nc6 32. Bc1 Rf1 33. Kb2 Kc7 34. Ne4 Kb6 35. Bd2 Rf5 36. Rxf5 exf5 37. Nd6 Nxe5 {[#]} 38. Kb3 (38. Bf4 $1 $16 {[%cal Rf4e5]} Ng6 39. Bh2) 38... d3 {[#]} ({Better is} 38... Kc6 $14 39. Nxf5 Kd5) 39. c4 $1 $18 {[%cal Bc2c4,Bc4c5][%mdl 32]} Nf3 (39... Kc6 $142) 40. Be3+ Kc6 41. Nxf5 (41. Nxf7 $6 d2 42. Kc2 b5 $16) 41... d2 42. Kc2 b5 43. c5 Ne5 44. Ne7+ (44. Kxd2 $6 Nc4+ 45. Kc3 Nxe3 46. Nxe3 Kxc5 $14) 44... Kd7 45. Nd5 (45. Kxd2 $2 Nc4+ 46. Kd3 Nxe3 $19) 45... a5 (45... Nf3 $16 {might work better.} 46. Nb4 (46. Kd1 a5 47. Nf4 Kc6 $18) 46... a5) 46. Nb6+ (46. Kxd2 $6 Nc4+ 47. Kc3 Nxa3 48. Nb6+ Kc6 $18) 46... Kc6 47. Kxd2 ({Less strong is} 47. Bxd2 Kxc5 48. Be3+ (48. Bxa5 Nc6 $11) 48... Kc6 $14) 47... f5 48. Kc3 f4 49. Bd4 ({White must play} 49. Bxf4 $16 Kxc5 50. Nc8 (50. Bxe5 Kxb6 51. Kd4 Kb7 $11)) 49... b4+ $2 {[%mdl 8192]} (49... Nf3 $11) 50. axb4 axb4+ 51. Kxb4 f3 52. Kc3 Ng4 53. Nc4 f2 54. Nd2 Kd5 55. Kd3 Nh6 56. Bxf2 Nf7 57. Bd4 Nd8 58. Ne4 Nb7 59. Nc3+ Kc6 60. Kc4 Na5+ 61. Kb4 Nb7 62. Bf2 Nd8 63. Nb5 Kd7 64. Nd4 Kc7 65. Kb5 (65. Bh4 $142 Nf7 66. Bg3+ Kc8 67. c6 Nd8 68. c7 Kd7 69. Kc5 Nb7+ 70. Kb6) 65... Kb7 66. Bh4 {White mates.} Nf7 67. c6+ Ka7 68. Bg3 Ng5 69. Be5 Ne4 70. Nf5 Ng5 71. c7 Nf7 72. Nd6 1-0

[Event "BL 2016-17"]
[Site "Germany"]
[Date "2017.02.19"]
[Round "8"]
[White "Saric, Ivan"]
[Black "Kraemer, Martin"]
[Result "1/2-1/2"]
[WhiteElo "2648"]
[BlackElo "2571"]
[Annotator "TA"]
[PlyCount "103"]
[EventDate "2017.??.??"]
[EventType "team-tourn"]
[EventCountry "GER"]

{[%evp 12,103,24,0,24,0,15,3,8,-2,0,-12,-5,-28,-25,-22,-17,-40,-8,-21,0,-91,-65,-95,-62,-67,-54,-61,-46,-60,-18,-43,-31,-35,-26,-39,-36,-37,-44,-43,-44,-67,-38,-57,-58,-54,-64,-63,-58,-195,-141,-157,-124,-294,-120,-140,-138,-172,-114,-125,-90,-68,-52,-132,-138,-139,-119,-272,-198,-492,-492,-464,-329,-423,-363,-370,-342,-342,-348,-306,-172,-305,-150,-158,-53,-87,-115,-108,0,-41,-58,-40,0,0]} 1. Nf3 d5 2. g3 Bg4 3. Bg2 {??.} e6 4. d3 Nf6 5. h3 Bh5 6. O-O Be7 7. c4 c6 {[%cal Bc7c6,Bc6d5,Bd5d4][%mdl 32]} 8. cxd5 Bxf3 ({Much worse is} 8... Qxd5 9. Na3 $14) 9. Bxf3 {dxe6 is the strong threat.} cxd5 10. Nc3 Nc6 11. e4 d4 12. Ne2 Nd7 13. Bg2 O-O 14. f4 e5 15. h4 Nc5 16. f5 (16. fxe5 $11 {keeps the balance.} Nxe5 17. Nf4) 16... a5 17. Kh1 a4 18. Ng1 Nb4 19. Rf3 Rc8 20. Bf1 b5 21. Rf2 Rc6 22. Nf3 Qc7 23. Ne1 Rc8 {Hoping for ...Nxe4!} 24. Bd2 Nd7 $36 {[%mdl 2048] Black is more active.} 25. Bh3 Na6 26. h5 {[%cal Bh4h5,Bh5h6][%mdl 32]} f6 27. h6 Bb4 $1 28. Bxb4 Nxb4 29. a3 Na6 $1 30. b3 (30. Qg4 $15 Nb6 31. Rd2) 30... Ndc5 ({Black should play} 30... gxh6 $19 {aiming for ...Rc1.} 31. bxa4 Rc1 32. Rxc1 Qxc1 33. Qb3+ Kh8) 31. bxa4 $17 bxa4 32. Rc2 $2 {[#]} (32. Qg4 $17) 32... Nb3 (32... Nxe4 $1 $19 {[%mdl 512]} 33. Qf3 (33. dxe4 Rxc2) 33... Nc3) 33. Raa2 Rc3 34. Qg4 Qe7 (34... Qd7 $19 35. hxg7 Qxg7) 35. Bf1 Kh8 36. Rxc3 Rxc3 37. Rh2 (37. hxg7+ $15 Qxg7 38. Qh4) 37... gxh6 38. Nf3 Rc1 39. Qh3 $2 (39. Kg1 $17) 39... Nac5 $19 {And now ...Nxd3 would win.} 40. Kg1 $2 (40. Kg2) 40... Qf8 41. Kg2 Nd7 42. Qh5 Ra1 43. Nh4 Ra2+ 44. Kg1 Rxh2 45. Kxh2 Kg7 (45... Nd2 $142 46. Be2 Nb1) 46. Be2 (46. Kg1 {was the only chance.}) 46... Qe7 (46... Nc1 $19 {and Black stays clearly on top.} 47. Qg4+ Kf7 48. Qh5+ Ke7) 47. Bd1 $17 Nf8 (47... Qf7 $17 {Threatens to win with ...Qxh5.} 48. Qg4+ Kf8) 48. Qg4+ Kh8 49. Qh5 Kg7 (49... Nd7 $17 50. Qxh6 Qxa3 51. Ng6+ Kg8 52. Nxe5 Qf8 53. Qxf8+ Nxf8) 50. Qg4+ $1 $15 Kf7 51. Qh5+ $1 Kg7 52. Qg4+ $1 1/2-1/2

[Event "BL 2016-17"]
[Site "Germany"]
[Date "2017.02.19"]
[Round "8"]
[White "Van Kampen, Robin"]
[Black "Gharamian, Tigran"]
[Result "0-1"]
[WhiteElo "2644"]
[BlackElo "2624"]
[Annotator "TA"]
[PlyCount "56"]
[EventDate "2017.??.??"]
[EventType "team-tourn"]
[EventCountry "GER"]
[SourceTitle "playchess.com"]
[Source "ChessBase"]
[SourceQuality "1"]
[WhiteTeam "Solingen"]
[BlackTeam "Schwäbisch Hall"]

{[%evp 12,56,20,25,34,32,30,14,27,1,26,17,5,0,0,0,5,-117,-115,-118,-105,-117,-111,-93,-104,-134,-134,-134,-134,-130,-131,-132,-134,-167,-164,-293,-292,-319,-326,-363,-365,-362,-351,-355,-347,-493,-469]} 1. Nf3 d5 2. g3 g6 3. Bg2 {??.} Bg7 4. d4 Nf6 5. O-O O-O 6. c4 dxc4 7. Na3 c3 8. bxc3 c5 9. e3 Nc6 {[%cal Bb8c6,Bc6a5,Ba5b3][%mdl 32]} 10. Qe2 Bf5 11. Bb2 Qb6 12. Rfc1 Rfd8 13. Nc4 Qa6 14. a4 ({Don't capture} 14. dxc5 $2 Bd3 15. Qe1 Bxc4 $19) (14. Bf1 $11 {keeps the balance.}) 14... Na5 $1 $17 15. Nfd2 {[#]} Be6 $1 {[%cal Ra5c4]} 16. Bf1 {[#]} Bxc4 $1 17. Nxc4 Nb3 $36 {[%mdl 2048] Keeping White busy.} 18. Qf3 {and if Ne5 works, White does fine.} Nxa1 19. Rxa1 cxd4 20. cxd4 Rac8 21. Ne5 Qe6 22. Bg2 Nd5 {[%cal Bf6d5,Bd5b6,Bb6c4][%mdl 32]} 23. e4 (23. Nd3 $142) 23... Bxe5 $19 24. dxe5 Nb6 25. a5 Nc4 26. Qb3 Nxb2 27. Qxb2 Rc5 28. f4 (28. h3 $142) 28... Qc6 0-1

[Event "BL 2016-17"]
[Site "Germany"]
[Date "2017.02.19"]
[Round "8"]
[White "Bauer, Christian"]
[Black "Kindermann, Stefan"]
[Result "1/2-1/2"]
[WhiteElo "2642"]
[BlackElo "2505"]
[Annotator "TA"]
[PlyCount "94"]
[EventDate "2017.??.??"]
[EventType "team-tourn"]
[EventCountry "GER"]
[SourceTitle "playchess.com"]
[Source "ChessBase"]
[SourceQuality "1"]
[WhiteTeam "Hamburger SK"]
[BlackTeam "Zugzwang München"]

{[%evp 12,94,0,4,16,11,10,11,12,19,27,15,22,10,30,0,51,39,70,54,61,60,85,-7,86,84,79,79,73,76,91,76,91,82,91,91,91,92,122,122,122,122,122,93,93,93,93,93,104,93,96,78,110,110,110,110,110,61,64,60,67,55,41,60,55,8,12,7,11,0,18,0,0,0,0,0,0,0,0,0,0,0,0,0,0]} 1. d4 e6 2. Nf3 f5 3. h3 {??.} Nf6 4. g4 d5 5. gxf5 exf5 6. Rg1 g6 7. Bg5 Be7 8. e3 Be6 9. Nc3 {[%cal Bb1c3,Bc3e2,Be2f4][%mdl 32]} c6 10. Ne2 Ne4 {[%cal Re4g5]} 11. h4 Nd7 12. c3 Bxg5 13. hxg5 Qe7 (13... h6 $11) 14. Nf4 $14 O-O-O 15. Qa4 $36 {[%mdl 2048] White has some pressure.} Kb8 16. Qb4 Rhe8 17. a4 ({White should play} 17. Qxe7 $16 Rxe7 18. Bd3) 17... Bg8 (17... c5 $1 $11 18. dxc5 Ndxc5) 18. Qxe7 $16 Rxe7 19. a5 a6 20. Bd3 Nd6 21. Ke2 Nf8 22. Rh1 Ne6 23. Nxe6 Bxe6 24. Ne5 Kc7 25. f3 Bg8 26. b3 Nf7 27. Nxf7 Rxf7 28. Rae1 Re7 29. Kd2 Kd6 30. Re2 Rde8 31. Rhe1 Re6 32. c4 R6e7 33. Kc3 Rc8 34. e4 fxe4 35. fxe4 dxe4 36. Rxe4 Rxe4 37. Rxe4 $14 {[%mdl 4096] Endgame KRB-KRB} Rf8 $1 38. Kd2 Rf2+ {The position is equal.} 39. Re2 Rf4 40. Re4 Rf2+ 41. Be2 Rg2 42. Rg4 Rh2 43. Ke3 Be6 44. Re4 h6 45. gxh6 Rxh6 46. Bg4 g5 47. Kf3 Bxg4+ 1/2-1/2